Normal view
MARC view
Entry Topical Term
001 - CONTROL NUMBER
- control field: 2787
003 - CONTROL NUMBER IDENTIFIER
- control field: OSt
005 - DATE AND TIME OF LATEST TRANSACTION
- control field: 20150211125914.0
008 - FIXED-LENGTH DATA ELEMENTS
- fixed length control field: 150211|| aca||aabn | a|a d
040 ## - CATALOGING SOURCE
- Original cataloging agency: OSt
- Transcribing agency: OSt
150 ## - HEADING--TOPICAL TERM
- Topical term or geographic name entry element: Rheumatic Diseases.
670 ## - SOURCE DATA FOUND
- Source citation: Work cat.: (OSt)1029: Primer on the rheumatic diseases /, c1997.
